000 00297nam a22001457a 4500
003 SGT
082 _a612
_bM16P
100 _aPAL, G.K.
245 _aTB. OF MEDICAL PHYSIOLOGY
250 _a2ND
260 _aINDIA
_bAHUJA
_c2016
300 _a1101
650 _aPHYSIOLOGY
942 _2ddc
_cBK
_038
999 _c14103
_d14103